000 00652nam a2200205Ii 4500
001 10257
003 CO-ViMGA
008 241108s9999||||xx |||||||||||||| ||und||
040 _aCO-ViMGA
_bspa
_erda
_cCO-ViMGA
041 0 _aunk
082 0 4 _aC863.42-G652c
100 1 _aJorge Gomez
_955428
245 1 0 _aCuando Dios y el diablo van de la mano
264 1 _a[Lugar de publicación no identificado] : Francisco Osina, [Fecha de publicación no identificada]
300 _avolumen
336 _atext
_btxt
_2rdacontent
337 _aunmediated
_bn
_2rdamedia
338 _avolume
_bnc
_2rdacarrier
940 _aidficha_siabuc: 10027. -- ficha_no_siabuc:10257
999 _c52955
_d52955